Roľ universitetov v razvitii ekonomiki znanij (na primere Slovakii)
Lisabonská stratégia a Európa 2020 - ciele v oblasti formovania znalostnej ekonomiky. Úloha univerzít v kontexte inovatívneho rozvoja spoločnosti. Úlohy slovenských univerzít.
Salvato in:
| Autore principale: | |
|---|---|
| Natura: | Capitolo di libro |
| Lingua: | russo |
| Soggetti: | |
| Tags: |
Nessun Tag, puoi essere il primo ad aggiungerne!!
|
MARC
| LEADER | 00000naa$a2200000$$$4500 | ||
|---|---|---|---|
| 001 | 0143146 | ||
| 005 | 20240502083331.5 | ||
| 041 | 0 | |a rus | |
| 044 | |a RU | ||
| 245 | 1 | 0 | |a Roľ universitetov v razvitii ekonomiki znanij (na primere Slovakii) |c Vladimír Gonda |
| 520 | |a Lisabonská stratégia a Európa 2020 - ciele v oblasti formovania znalostnej ekonomiky. Úloha univerzít v kontexte inovatívneho rozvoja spoločnosti. Úlohy slovenských univerzít. | ||
| 610 | 2 | 0 | |a vzdelávanie vysokoškolské |
| 610 | 2 | 0 | |a univerzity |
| 610 | 2 | 0 | |a školy vysoké |
| 610 | 2 | 0 | |a ekonomika vedomostná |
| 610 | 2 | 0 | |a veda |
| 610 | 2 | 0 | |a výskum |
| 610 | 2 | 0 | |a spolupráca medzinárodná |
| 610 | 2 | 0 | |a Európska únia |
| 100 | 1 | |a Gonda, Vladimír | |